01528nam a2200229 i 4500003000900000005001700009007000300026008004100029040003000070082002900100110005100129245016500180264007600345300002600421336002700447337003300474338002800507500016200535505050200697650006301199650003601262DO-SdBNP20250603103730.0ta250603s2021 dr 000 0 spa d aDO-SdBNPbspacBNPHUerda a352.15 bF293g, 20212221 aFederación Dominicana de Municipios (FEDOMU)10aAgenda estratégica territorial 2021-2030 : bruta hacia los municipios del siglo XXI alienada con el Plan Nacional Plurianual del Sector Público 2021-2024 / aSanto Domingo :bFederación Dominicana de Municipios (FEDOMU),c2021. a37 paginas. :c23 cm. atextobtxt2rdacontent asin mediaciónbn2rdamedia avolumenbnc2rdacarrier aProyecto : Apoyo a la gobernanza territorial para el desarrollo de las ciudades y comunidades sostenibles en República Dominicana, financiado por la AECID. tIntroducción, -- tEstrategia nacional de desarrollo y objetivos de desarrollo sostenible : construcción del valor público y piso para el fortalecimiento de la gobernanza territorial, -- tEl modelo de gobernanza territorial y municipal para la República Dominicana, -- tAgenda estratégica territorial 2021-2030. Ruta hacia los municipios del siglo XXI : alienada con el Plan Nacional Plurianual del Sector Público 2021-2024, -- tSiglas o abreviaturas de instituciones mencionadas, / aMunicipiosxEstrategia territorialzRepública Dominicana aEstrategiaxMunicipios xAgenda